LDR 00626naa#a2200169#i#450# 001 EN\\bibl\126641 005 20260703153803.5 011 ## _a2587-6740 100 ## _a20260615b2026####ek#y0engy0150####ca 102 ## _aRU 200 1# _aReputation capital as a factor of sustainable development of agricultural enterprises in Russia _eJournal article 210 1# _aMoscow _cElectronic science _d2026 215 ## _a3 с. 608 ## _aJournal article _2local 675 ## _aОрганизация и управление сельскохозяйственным производством. 631.1 _z 700 #1 _aShageeva _gGulnara Rafailovna 856 4# _aqje.su _u